Państwa graniczące z Zambią - Statystyki

Ogólne statystyki
  • Ten quiz został rozwiązany 15 razy
  • Średni wynik to 6 z 8
Statystyki odpowiedzi
Długość Kraj % Poprawnych
1930 km Demokratyczna Republika Konga
92%
419 km Mozambik
83%
338 km Tanzania
83%
797 km Zimbabwe
83%
1110 km Angola
75%
<1 km Botswana
75%
233 km Namibia
75%
837 km Malawi
50%
Nie znaleziono quizów pasujących do podanych kryteriów
Rozkład punktacji
Procent ludzi z każdym wynikiem
Percentyl według liczby udzielonych odpowiedzi
Twoja historia wyników
Nie rozwiązałeś tego quizu